Dopad finančnej a hospodárskej krízy na finančnú situáciu skupiny podnikov diplomová práca

Gespeichert in:
Bibliographische Detailangaben
1. Verfasser: Iváková, Jana
Körperschaft: Fakulta podnikového manažmentu EU. Katedra podnikových financií
Weitere Verfasser: Moravčíková, Elena, 1967-
Format: Buch
Sprache:Slowakisch
Veröffentlicht: Bratislava 2012
Tags: Tag hinzufügen
Keine Tags, Fügen Sie das erste Tag hinzu!

MARC

LEADER 00000nbm a2200000 4500
001 0152535
005 20161109102043.5
041 0 |a slo 
044 |a SK 
245 1 0 |a Dopad finančnej a hospodárskej krízy na finančnú situáciu skupiny podnikov  |b diplomová práca  |c Jana Iváková ; školiteľ: Elena Moravčíková 
264 1 |a Bratislava  |c 2012 
300 |a 85 s. 
100 1 |a Iváková, Jana 
700 1 |a Moravčíková, Elena, 1967- 
710 2 |a Fakulta podnikového manažmentu EU. Katedra podnikových financií